Statistics for JR北海道の廃駅

Click here to take the quiz!

General Stats

  • This quiz has been taken 79 times
  • The average score is 111 of 312

Answer Stats

Line南気仙沼Answer% Correct
江差
90%
増毛
85%
吉岡海底
81%
歌志内
77%
新十津川
77%
竜飛海底
75%
様似
75%
旧白滝
75%
夕張
73%
松前
73%
上白滝
73%
東六線
69%
石狩月形
67%
中標津
67%
北剣淵
65%
歌内
65%
千歳線美々
65%
日高門別
65%
花咲
65%
上幌延
63%
浦河
63%
陸別
63%
浦臼
63%
紋穂内
63%
南美深
63%
尺別
63%
直別
63%
海峡線知内
63%
鬼志別
60%
北星
60%
西様似
60%
浜頓別
60%
奥白滝
60%
南清水沢
58%
静内
58%
上ノ国
58%
徳満
58%
本石倉
58%
流山温泉
58%
清水沢
58%
紋別
58%
豊清水
56%
幌加内
56%
石谷
56%
南比布
56%
安牛
56%
初田牛
56%
興部
54%
南斜里
54%
湧別
54%
下徳富
54%
絵笛
54%
根室標津
54%
朱鞠内
54%
下士別
54%
北比布
54%
中頓別
54%
渡島当別
54%
上磯
54%
猿払
54%
久根別
54%
東久根別
54%
江差線七重浜
54%
糸魚沢
54%
蕨岱
52%
生野
52%
舎熊
52%
足寄
52%
南弟子屈
52%
石北本線北日ノ出
52%
札沼線石狩金沢
50%
大狩部
50%
50%
羽帯
50%
伊納
50%
南下徳富
50%
張碓
50%
天北線上音威子府
50%
西名寄
50%
金華
50%
飛行場前
48%
上雄信内
48%
銚子口
48%
鷲ノ巣
48%
東町
48%
豊ヶ岡
48%
新冠
48%
礼受
48%
中小屋
48%
将軍山
48%
姫川
48%
訓子府
46%
中湧別
46%
本中小屋
46%
日高幌別
46%
清川口
46%
函館本線東山
46%
箸別
46%
瀬越
46%
日高三石
46%
稲士別
46%
中越
44%
日高東別
44%
東静内
44%
朱文別
44%
声問
44%
本別
44%
十三里
44%
古瀬
44%
上厚内
44%
津軽今別
42%
池田園
42%
西興部
42%
上砂川
42%
鹿ノ谷
42%
智東
42%
別海
42%
留萌本線東幌糠
42%
釧網本線五十石
42%
東雲
42%
上越
40%
札比内
40%
晩生内
40%
札的
40%
置戸
40%
鶴沼
40%
中徳富
40%
下中川
40%
泉沢
40%
茂辺地
40%
渡島福島
40%
荻伏
40%
月ヶ岡
38%
於札内
38%
信砂
38%
日高本線汐見
38%
三笠
38%
島ノ下
38%
蓬栄
38%
幾春別
38%
南下沼
38%
湯ノ岱
38%
38%
知来乙
38%
石勝線東追分
38%
天幕
38%
鵜苫
38%
北豊津
38%
桂川
38%
本桐
38%
渚滑
35%
奥行臼
35%
北母子里
35%
札苅
35%
阿分
35%
渡島鶴岡
35%
上幌加内
35%
桜庭
35%
節婦
35%
釜谷
35%
上湧別
35%
上興部
33%
豊郷
33%
北遠軽
33%
下川
33%
吉堀
31%
神明
31%
名寄本線中名寄
31%
天塩弥生
31%
小頓別
31%
湖畔
31%
芦川
31%
31%
小石
31%
政和
31%
白樺
29%
敏音知
29%
政和温泉
29%
上名寄
29%
浜中海水浴場
29%
北光社
29%
室蘭本線旭浜
29%
安別
29%
厚賀
29%
清畠
29%
上多度志
27%
分線
27%
松音知
27%
春立
27%
中興部
27%
多度志
27%
新栄野
27%
伊奈牛
27%
渡島知内
27%
神威
27%
西春別
25%
宇遠内
25%
班渓
25%
池北線様舞
25%
川上
25%
上頓別
25%
富川
25%
歌神
25%
北興
25%
春別
25%
琴平
25%
一ノ橋
25%
東声問
25%
岐阜橋
25%
沼ノ沢
25%
曲淵
23%
浅茅野
23%
南本別
23%
山軽
23%
樺岡
23%
蕗ノ台
23%
添牛内
23%
西訓子府
23%
西歌
23%
深名線円山
23%
雨煙別
23%
西一線
23%
元紋別
23%
潮見町
23%
沼牛
23%
高島
23%
沙留
21%
下頓別
21%
桂岡
21%
塩幌
21%
恵北
21%
大誉地
21%
六興
21%
沼ノ上
21%
愛冠
19%
寿
19%
小利別
19%
東鶉
19%
北湧
19%
二ノ橋
19%
富丘
19%
中須田
19%
宇摩
19%
上常呂
19%
薫別
19%
鷹泊
17%
広郷
17%
四号線
17%
歌志内線焼山
17%
上利別
17%
下鶉
17%
新富
17%
常盤
17%
共栄
17%
一本松
17%
宇津
17%
川北
17%
宮越
17%
計根別
17%
上春別
17%
根室本線滝里
17%
白符
17%
渡島吉岡
17%
弘道
17%
幌成
15%
川西
15%
日ノ出
15%
開盛
15%
静内海水浴場
15%
フイハップ浜
15%
小向
15%
文殊
15%
仙美里
15%
大森
15%
上武佐
15%
協和
15%
周磨
13%
泉川
13%
穂波
13%
旭ヶ丘
13%
矢文
13%
新弥生
13%
勇足
13%
新成生
13%
笹森
13%
豊住
13%
上駒
10%
恵野
10%
共進
10%
唐松
10%
弥生
10%
重内
10%
千軒
10%
豊野
10%
及部
10%
幸成
10%
光進
10%
開栄
10%
当幌
10%
宗谷本線西永山
10%
平糸
10%
渡島大沢
8%
標津線多和
8%
湯ノ里
8%
萱野
8%
境野
8%
西富
8%
下幌成
8%
松前線森越
6%
幌内線栄町
6%

Score Distribution

Percentile by Number Answered

Percent of People with Each Score

Your Score History

You have not taken this quiz